Intermediate accounting 1A / (Record no. 2474)
[ view plain ]
| 000 -LEADER | |
|---|---|
| fixed length control field | 00653nam a22002057a 4500 |
| 003 - CONTROL NUMBER IDENTIFIER | |
| control field | OSt |
| 005 - DATE AND TIME OF LATEST TRANSACTION | |
| control field | 20260218045717.0 |
| 008 - FIXED-LENGTH DATA ELEMENTS--GENERAL INFORMATION | |
| fixed length control field | 240720b |||||||| |||| 00| 0 eng d |
| 020 ## - INTERNATIONAL STANDARD BOOK NUMBER | |
| International Standard Book Number | 978-621-8029-16-3 |
| 040 ## - CATALOGING SOURCE | |
| Original cataloging agency | DWC- Main Lib |
| Transcribing agency | OC |
| 082 ## - DEWEY DECIMAL CLASSIFICATION NUMBER | |
| Classification number | Fil. 657.044 M645i 2019 |
| 100 ## - MAIN ENTRY--PERSONAL NAME | |
| Personal name | Millan , Zeus Vernon B. |
| 245 ## - TITLE STATEMENT | |
| Title | Intermediate accounting 1A / |
| Statement of responsibility, etc. | Zeus Vernon B. Millan . |
| 250 ## - EDITION STATEMENT | |
| Edition statement | 2019 edition |
| 260 ## - PUBLICATION, DISTRIBUTION, ETC. | |
| Place of publication, distribution, etc. | Baguio City , Philippines : |
| Name of publisher, distributor, etc. | Bandolin Enterprises, |
| Date of publication, distribution, etc. | c2019. |
| 300 ## - PHYSICAL DESCRIPTION | |
| Extent | xiv , 769 pages : |
| Other physical details | illustrations ; |
| Dimensions | 22cm. |
| 504 ## - BIBLIOGRAPHY, ETC. NOTE | |
| Bibliography, etc. note | Including bibliographical references. |
| 650 ## - SUBJECT ADDED ENTRY--TOPICAL TERM | |
| Topical term or geographic name entry element | 1. Accounting |
| 942 ## - ADDED ENTRY ELEMENTS (KOHA) | |
| Source of classification or shelving scheme | Dewey Decimal Classification |
| Koha item type | Book-Filipiniana |
| Suppress in OPAC | Yes |
| 952 ## - LOCATION AND ITEM INFORMATION (KOHA) | |
| -- | |
| 952 ## - LOCATION AND ITEM INFORMATION (KOHA) | |
| -- | |
| 952 ## - LOCATION AND ITEM INFORMATION (KOHA) | |
| -- | |
| 952 ## - LOCATION AND ITEM INFORMATION (KOHA) | |
| -- | |
| 952 ## - LOCATION AND ITEM INFORMATION (KOHA) | |
| -- | |
| 952 ## - LOCATION AND ITEM INFORMATION (KOHA) | |
| -- | |
| Withdrawn status | Lost status | Source of classification or shelving scheme | Damaged status | Not for loan | Home library | Current library | Date acquired | Source of acquisition | Total Checkouts | Full call number | Barcode | Date last seen | Copy number | Price effective from | Koha item type | Uniform Resource Identifier | Shelving location | Cost, normal purchase price |
|---|---|---|---|---|---|---|---|---|---|---|---|---|---|---|---|---|---|---|
| Dewey Decimal Classification | College Library | College Library | 08/09/2019 | School Fund | Fil. 657.044 M645i 2019 | 52127 | 07/20/2024 | c1 | 07/20/2024 | BK - FIL | ||||||||
| Dewey Decimal Classification | College Library | College Library | 10/07/2025 | School Fund | Fil. 57.044 M654i 2025 | CL54583 | 02/18/2026 | c1 | 02/18/2026 | BK - FIL | Filipiniana | 790.00 | ||||||
| Dewey Decimal Classification | College Library | College Library | 10/07/2025 | School Fund | Fil. 57.044 M654i 2025 | CL54586 | 02/18/2026 | c4 | 02/18/2026 | BK - FIL | Filipiniana | 790.00 | ||||||
| Dewey Decimal Classification | College Library | College Library | 10/07/2025 | School Fund | Fil. 57.044 M654i 2025 | CL54587 | 02/18/2026 | c5 | 02/18/2026 | BK - FIL | Filipiniana | 790.00 | ||||||
| Dewey Decimal Classification | College Library | College Library | 10/07/2025 | School Fund | Fil. 657.044 M654i 2025 | CL54584 | 02/18/2026 | c2 | 02/18/2026 | BK - FIL | Filipiniana | 790.00 | ||||||
| Dewey Decimal Classification | College Library | College Library | 10/07/2025 | School Fund | Fil. 657.044 M654i 2025 | CL54585 | 02/18/2026 | c3 | 02/18/2026 | BK - FIL | Filipiniana | 790.00 |